<?xml version="1.0" encoding="UTF-8"?>
<record
    xmlns:xsi="http://www.w3.org/2001/XMLSchema-instance"
    xsi:schemaLocation="http://www.loc.gov/MARC21/slim http://www.loc.gov/standards/marcxml/schema/MARC21slim.xsd"
    xmlns="http://www.loc.gov/MARC21/slim">

  <leader>03751nam a22003017a 4500</leader>
  <controlfield tag="003">NALT</controlfield>
  <controlfield tag="005">20260213145351.0</controlfield>
  <controlfield tag="008">260122b        th ||||| |||| 00| 0 tha d</controlfield>
  <datafield tag="020" ind1=" " ind2=" ">
    <subfield code="a">9786166291445</subfield>
  </datafield>
  <datafield tag="040" ind1=" " ind2=" ">
    <subfield code="a">NALT</subfield>
  </datafield>
  <datafield tag="041" ind1="1" ind2=" ">
    <subfield code="a">tha</subfield>
    <subfield code="h">eng</subfield>
  </datafield>
  <datafield tag="050" ind1=" " ind2=" ">
    <subfield code="a">DS 735</subfield>
    <subfield code="b">&#xE08;754&#xE1B; 2568</subfield>
  </datafield>
  <datafield tag="100" ind1="1" ind2=" ">
    <subfield code="a">&#xE40;&#xE08;&#xE27;&#xE34;&#xE19;, &#xE25;&#xE34;&#xE19;&#xE14;&#xE32;. </subfield>
    <subfield code="9">67299</subfield>
  </datafield>
  <datafield tag="245" ind1="1" ind2="0">
    <subfield code="a">&#xE1B;&#xE23;&#xE30;&#xE27;&#xE31;&#xE15;&#xE34;&#xE28;&#xE32;&#xE2A;&#xE15;&#xE23;&#xE4C;&#xE08;&#xE35;&#xE19;&#xE09;&#xE1A;&#xE31;&#xE1A;&#xE2A;&#xE38;&#xE14;&#xE2A;&#xE31;&#xE49;&#xE19; = </subfield>
    <subfield code="b">The shortest history of China /</subfield>
    <subfield code="c">Linda Jaivin &#xE40;&#xE02;&#xE35;&#xE22;&#xE19; ; &#xE10;&#xE13;&#xE10; &#xE08;&#xE34;&#xE19;&#xE14;&#xE32;&#xE19;&#xE19;&#xE17;&#xE4C; &#xE41;&#xE1B;&#xE25;.</subfield>
  </datafield>
  <datafield tag="250" ind1=" " ind2=" ">
    <subfield code="a">&#xE1E;&#xE34;&#xE21;&#xE1E;&#xE4C;&#xE04;&#xE23;&#xE31;&#xE49;&#xE07;&#xE41;&#xE23;&#xE01;.</subfield>
  </datafield>
  <datafield tag="260" ind1=" " ind2=" ">
    <subfield code="a">&#xE01;&#xE23;&#xE38;&#xE07;&#xE40;&#xE17;&#xE1E;&#xE2F; : </subfield>
    <subfield code="b">&#xE1E;&#xE32;&#xE23;&#xE32;&#xE01;&#xE23;&#xE32;&#xE1F;, </subfield>
    <subfield code="c">2568.</subfield>
  </datafield>
  <datafield tag="300" ind1=" " ind2=" ">
    <subfield code="a">345 &#xE2B;&#xE19;&#xE49;&#xE32; :</subfield>
    <subfield code="b">&#xE20;&#xE32;&#xE1E;&#xE1B;&#xE23;&#xE30;&#xE01;&#xE2D;&#xE1A;, &#xE41;&#xE1C;&#xE19;&#xE20;&#xE39;&#xE21;&#xE34;, &#xE41;&#xE1C;&#xE19;&#xE17;&#xE35;&#xE48; ;</subfield>
    <subfield code="c">20 &#xE0B;&#xE21;.</subfield>
  </datafield>
  <datafield tag="505" ind1="2" ind2=" ">
    <subfield code="a">&#xE1A;&#xE17;&#xE17;&#xE35;&#xE48; 1 &#xE08;&#xE38;&#xE14;&#xE01;&#xE33;&#xE40;&#xE19;&#xE34;&#xE14;: &#xE04;&#xE23;&#xE31;&#xE49;&#xE07;&#xE40;&#xE21;&#xE37;&#xE48;&#xE2D;&#xE44;&#xE02;&#xE48;&#xE1F;&#xE31;&#xE01; &#xE2D;&#xE32;&#xE23;&#xE22;&#xE18;&#xE23;&#xE23;&#xE21;&#xE16;&#xE37;&#xE2D;&#xE01;&#xE33;&#xE40;&#xE19;&#xE34;&#xE14; -- &#xE1A;&#xE17;&#xE17;&#xE35;&#xE48; 2 &#xE23;&#xE32;&#xE0A;&#xE27;&#xE07;&#xE28;&#xE4C;&#xE42;&#xE08;&#xE27;: &#xE08;&#xE32;&#xE01;&#xE01;&#xE32;&#xE23;&#xE1B;&#xE01;&#xE04;&#xE23;&#xE2D;&#xE07;&#xE15;&#xE32;&#xE21;&#xE2D;&#xE38;&#xE14;&#xE21;&#xE04;&#xE15;&#xE34;&#xE2A;&#xE39;&#xE48;&#xE22;&#xE38;&#xE04;&#xE23;&#xE13;&#xE23;&#xE31;&#xE10; -- &#xE1A;&#xE17;&#xE17;&#xE35;&#xE48; 3 &#xE23;&#xE32;&#xE0A;&#xE27;&#xE07;&#xE28;&#xE4C;&#xE09;&#xE34;&#xE19;: &#xE23;&#xE32;&#xE21;&#xE0A;&#xE32;&#xE15;&#xE34; &#xE17;&#xE23;&#xE23;&#xE32;&#xE0A;&#xE22;&#xE4C; &#xE41;&#xE25;&#xE30;&#xE43;&#xE15;&#xE49;&#xE1F;&#xE49;&#xE32;&#xE17;&#xE31;&#xE48;&#xE27;&#xE2B;&#xE25;&#xE49;&#xE32; -- &#xE1A;&#xE17;&#xE17;&#xE35;&#xE48; 4 &#xE23;&#xE32;&#xE0A;&#xE27;&#xE07;&#xE28;&#xE4C;&#xE2E;&#xE31;&#xE48;&#xE19;: &#xE41;&#xE1C;&#xE19;&#xE23;&#xE49;&#xE32;&#xE22; &#xE19;&#xE27;&#xE31;&#xE15;&#xE01;&#xE23;&#xE23;&#xE21; &#xE41;&#xE25;&#xE30;&#xE27;&#xE48;&#xE32;&#xE07;&#xE41;&#xE1C;&#xE48;&#xE19;&#xE14;&#xE34;&#xE19;&#xE0A;&#xE31;&#xE48;&#xE27;&#xE04;&#xE23;&#xE32;&#xE27; -- &#xE1A;&#xE17;&#xE17;&#xE35;&#xE48; 5 &#xE41;&#xE15;&#xE01;&#xE40;&#xE2D;&#xE01;&#xE20;&#xE32;&#xE1E;&#xE04;&#xE23;&#xE31;&#xE49;&#xE07;&#xE43;&#xE2B;&#xE0D;&#xE48;: &#xE2A;&#xE32;&#xE21;&#xE01;&#xE4A;&#xE01; &#xE2A;&#xE2D;&#xE07;&#xE19;&#xE31;&#xE01;&#xE23;&#xE1A;&#xE2B;&#xE0D;&#xE34;&#xE07; &#xE40;&#xE08;&#xE47;&#xE14;&#xE1B;&#xE23;&#xE32;&#xE0A;&#xE0D;&#xE4C; &#xE41;&#xE25;&#xE30;&#xE1C;&#xE07;&#xE2B;&#xE49;&#xE32;&#xE41;&#xE23;&#xE48; -- &#xE1A;&#xE17;&#xE17;&#xE35;&#xE48; 6 &#xE23;&#xE32;&#xE0A;&#xE27;&#xE07;&#xE28;&#xE4C;&#xE16;&#xE31;&#xE07;: &#xE08;&#xE32;&#xE01;&#xE22;&#xE38;&#xE04;&#xE17;&#xE2D;&#xE07;&#xE2A;&#xE39;&#xE48;&#xE04;&#xE27;&#xE32;&#xE21;&#xE2D;&#xE32;&#xE14;&#xE39;&#xE23;&#xE44;&#xE21;&#xE48;&#xE2A;&#xE34;&#xE49;&#xE19; -- 
&#xE1A;&#xE17;&#xE17;&#xE35;&#xE48; 7 &#xE23;&#xE32;&#xE0A;&#xE27;&#xE07;&#xE28;&#xE4C;&#xE0B;&#xE48;&#xE07;: &#xE19;&#xE31;&#xE01;&#xE2A;&#xE31;&#xE07;&#xE04;&#xE21;&#xE19;&#xE34;&#xE22;&#xE21;&#xE23;&#xE38;&#xE48;&#xE19;&#xE1A;&#xE38;&#xE01;&#xE40;&#xE1A;&#xE34;&#xE01; &#xE28;&#xE34;&#xE29;&#xE22;&#xE4C;&#xE2A;&#xE33;&#xE19;&#xE31;&#xE01;&#xE02;&#xE07;&#xE08;&#xE37;&#xE48;&#xE2D;&#xE43;&#xE2B;&#xE21;&#xE48; &#xE41;&#xE25;&#xE30;&#xE27;&#xE34;&#xE16;&#xE35;&#xE0A;&#xE35;&#xE27;&#xE34;&#xE04;&#xE19;&#xE40;&#xE21;&#xE37;&#xE2D;&#xE07; -- &#xE1A;&#xE17;&#xE17;&#xE35;&#xE48; 8 &#xE23;&#xE32;&#xE0A;&#xE27;&#xE07;&#xE28;&#xE4C;&#xE21;&#xE2D;&#xE07;&#xE42;&#xE01;&#xE25;&#xE2B;&#xE22;&#xE27;&#xE19;: &#xE08;&#xE32;&#xE01; "&#xE01;&#xE32;&#xE23;&#xE2A;&#xE31;&#xE07;&#xE2B;&#xE32;&#xE23;&#xE42;&#xE2B;&#xE14;&#xE2D;&#xE31;&#xE19;&#xE23;&#xE38;&#xE48;&#xE07;&#xE42;&#xE23;&#xE08;&#xE19;&#xE4C;" &#xE2A;&#xE39;&#xE48;&#xE19;&#xE04;&#xE23;&#xE40;&#xE08;&#xE34;&#xE14;&#xE08;&#xE23;&#xE31;&#xE2A; -- &#xE1A;&#xE17;&#xE17;&#xE35;&#xE48; 9 &#xE23;&#xE32;&#xE0A;&#xE27;&#xE07;&#xE28;&#xE4C;&#xE2B;&#xE21;&#xE34;&#xE07;: &#xE40;&#xE08;&#xE34;&#xE14;&#xE08;&#xE23;&#xE31;&#xE2A;&#xE41;&#xE25;&#xE30;&#xE40;&#xE2A;&#xE37;&#xE48;&#xE2D;&#xE21;&#xE16;&#xE2D;&#xE22; -- &#xE1A;&#xE17;&#xE17;&#xE35;&#xE48; 10 &#xE23;&#xE32;&#xE0A;&#xE27;&#xE07;&#xE28;&#xE4C;&#xE41;&#xE21;&#xE19;&#xE08;&#xE39;&#xE0A;&#xE34;&#xE07;: &#xE17;&#xE32;&#xE07;&#xE02;&#xE23;&#xE38;&#xE02;&#xE23;&#xE30;&#xE2A;&#xE39;&#xE48;&#xE04;&#xE27;&#xE32;&#xE21;&#xE40;&#xE1B;&#xE47;&#xE19;&#xE2A;&#xE21;&#xE31;&#xE22;&#xE43;&#xE2B;&#xE21;&#xE48; -- &#xE1A;&#xE17;&#xE17;&#xE35;&#xE48; 11 &#xE22;&#xE38;&#xE04;&#xE2A;&#xE32;&#xE18;&#xE32;&#xE23;&#xE13;&#xE23;&#xE31;&#xE10;: &#xE15;&#xE31;&#xE49;&#xE07;&#xE04;&#xE27;&#xE32;&#xE21;&#xE2B;&#xE27;&#xE31;&#xE07;&#xE2A;&#xE39;&#xE07;&#xE41;&#xE25;&#xE30;&#xE01;&#xE32;&#xE23;&#xE17;&#xE23;&#xE22;&#xE28;&#xE2D;&#xE31;&#xE19;&#xE41;&#xE2A;&#xE19;&#xE23;&#xE49;&#xE32;&#xE22;&#xE01;&#xE32;&#xE08; -- &#xE1A;&#xE17;&#xE17;&#xE35;&#xE48; 12 &#xE01;&#xE32;&#xE23;&#xE23;&#xE38;&#xE01;&#xE23;&#xE32;&#xE19;&#xE02;&#xE2D;&#xE07;&#xE0D;&#xE35;&#xE48;&#xE1B;&#xE38;&#xE48;&#xE19;&#xE41;&#xE25;&#xE30;&#xE2A;&#xE07;&#xE04;&#xE23;&#xE32;&#xE21;&#xE01;&#xE25;&#xE32;&#xE07;&#xE40;&#xE21;&#xE37;&#xE2D;&#xE07;: &#xE2A;&#xE32;&#xE18;&#xE32;&#xE23;&#xE13;&#xE23;&#xE31;&#xE10;&#xE41;&#xE15;&#xE01;&#xE40;&#xE1B;&#xE47;&#xE19;&#xE40;&#xE2A;&#xE35;&#xE48;&#xE22;&#xE07; -- &#xE1A;&#xE17;&#xE17;&#xE35;&#xE48; 13 &#xE22;&#xE38;&#xE04;&#xE41;&#xE2B;&#xE48;&#xE07;&#xE40;&#xE2B;&#xE21;&#xE32;: &#xE01;&#xE32;&#xE23;&#xE1B;&#xE0F;&#xE34;&#xE27;&#xE31;&#xE15;&#xE34;&#xE15;&#xE48;&#xE2D;&#xE40;&#xE19;&#xE37;&#xE48;&#xE2D;&#xE07; -- &#xE1A;&#xE17;&#xE17;&#xE35;&#xE48; 14 &#xE22;&#xE38;&#xE04;&#xE1B;&#xE0F;&#xE34;&#xE23;&#xE39;&#xE1B;: &#xE04;&#xE27;&#xE32;&#xE21;&#xE23;&#xE38;&#xE48;&#xE07;&#xE40;&#xE23;&#xE37;&#xE2D;&#xE07;&#xE41;&#xE25;&#xE30;&#xE04;&#xE27;&#xE32;&#xE21;&#xE02;&#xE38;&#xE48;&#xE19;&#xE40;&#xE04;&#xE37;&#xE2D;&#xE07;&#xE17;&#xE35;&#xE48;&#xE15;&#xE32;&#xE21;&#xE21;&#xE32; -- 
&#xE1A;&#xE17;&#xE17;&#xE35;&#xE48; 15 &#xE22;&#xE38;&#xE04;&#xE43;&#xE2B;&#xE21;&#xE48;&#xE41;&#xE2B;&#xE48;&#xE07;&#xE2A;&#xE35;&#xE08;&#xE34;&#xE49;&#xE19;&#xE1C;&#xE34;&#xE07;: &#xE01;&#xE2D;&#xE07;&#xE1E;&#xE31;&#xE19;&#xE2B;&#xE21;&#xE32;&#xE1B;&#xE48;&#xE32;&#xE40;&#xE16;&#xE25;&#xE34;&#xE07;&#xE2D;&#xE33;&#xE19;&#xE32;&#xE08;.</subfield>
  </datafield>
  <datafield tag="650" ind1=" " ind2="4">
    <subfield code="a">&#xE08;&#xE35;&#xE19;&#xE28;&#xE36;&#xE01;&#xE29;&#xE32;</subfield>
    <subfield code="9">45263</subfield>
  </datafield>
  <datafield tag="651" ind1=" " ind2="4">
    <subfield code="a">&#xE08;&#xE35;&#xE19;</subfield>
    <subfield code="x">&#xE1B;&#xE23;&#xE30;&#xE27;&#xE31;&#xE15;&#xE34;&#xE28;&#xE32;&#xE2A;&#xE15;&#xE23;&#xE4C;</subfield>
    <subfield code="9">3618</subfield>
  </datafield>
  <datafield tag="700" ind1="1" ind2=" ">
    <subfield code="a">Jaivin, Linda  </subfield>
    <subfield code="9">67317</subfield>
  </datafield>
  <datafield tag="700" ind1="0" ind2=" ">
    <subfield code="a">&#xE10;&#xE13;&#xE10; &#xE08;&#xE34;&#xE19;&#xE14;&#xE32;&#xE19;&#xE19;&#xE17;&#xE4C;</subfield>
    <subfield code="9">27075</subfield>
  </datafield>
  <datafield tag="942" ind1=" " ind2=" ">
    <subfield code="c">GB</subfield>
    <subfield code="2">lcc</subfield>
  </datafield>
  <datafield tag="996" ind1=" " ind2=" ">
    <subfield code="a">jidapa.t</subfield>
    <subfield code="b">ACQSTF</subfield>
    <subfield code="c">2026-01-22</subfield>
  </datafield>
  <datafield tag="996" ind1=" " ind2=" ">
    <subfield code="a">varee.k</subfield>
    <subfield code="b">LIBSTF</subfield>
    <subfield code="c">2026-01-23</subfield>
  </datafield>
  <datafield tag="996" ind1=" " ind2=" ">
    <subfield code="a">saiphon.d</subfield>
    <subfield code="b">CATSTF	</subfield>
    <subfield code="c">2026-01-27</subfield>
  </datafield>
  <datafield tag="999" ind1=" " ind2=" ">
    <subfield code="c">107694</subfield>
    <subfield code="d">107694</subfield>
  </datafield>
  <datafield tag="998" ind1=" " ind2=" ">
    <subfield code="j">8</subfield>
    <subfield code="k"> &#xE19;&#xE32;&#xE22;&#xE1A;&#xE31;&#xE13;&#xE11;&#xE34;&#xE15;  &#xE2D;&#xE38;&#xE17;&#xE32;&#xE27;&#xE07;&#xE04;&#xE4C;</subfield>
  </datafield>
  <datafield tag="952" ind1=" " ind2=" ">
    <subfield code="0">0</subfield>
    <subfield code="1">0</subfield>
    <subfield code="2">lcc</subfield>
    <subfield code="4">0</subfield>
    <subfield code="7">0</subfield>
    <subfield code="8">CGBL</subfield>
    <subfield code="a">NALT</subfield>
    <subfield code="b">NALT</subfield>
    <subfield code="c">GEN</subfield>
    <subfield code="d">2026-01-22</subfield>
    <subfield code="e">54</subfield>
    <subfield code="l">1</subfield>
    <subfield code="m">1</subfield>
    <subfield code="o">DS 735 &#xE08;754&#xE1B; 2568</subfield>
    <subfield code="p">3961216073</subfield>
    <subfield code="r">2026-02-27 00:00:00</subfield>
    <subfield code="s">2026-02-13</subfield>
    <subfield code="w">2026-01-22</subfield>
    <subfield code="y">GB</subfield>
  </datafield>
</record>
